LIBRARY & INFORMATION CENTRE, KCAET, TAVANUR

ONLINE PUBLIC ACCESS CATALOGUE (OPAC)

King`s English / (Record no. 5881)

MARC details
000 -LEADER
fixed length control field 00514cam a2200217ua 4500
041 ## - LANGUAGE CODE
Language code of text/sound track or separate title eng
082 ## - DEWEY DECIMAL CLASSIFICATION NUMBER
Classification number 420
Item number FOW/KI
100 ## - MAIN ENTRY--AUTHOR NAME
Personal name Fowler, H W .
245 ## - TITLE STATEMENT
Title King`s English /
250 ## - EDITION STATEMENT
Edition statement 3 /
260 ## - PUBLICATION, DISTRIBUTION, ETC. (IMPRINT)
Place of publication London :
Name of publisher Oxford at the Clarendon Press ,
Year of publication 1958.
300 ## - PHYSICAL DESCRIPTION
Number of Pages 383 ; .
700 1# - ADDED ENTRY--PERSONAL NAME
Personal name Fowler, F G .
942 ## - ADDED ENTRY ELEMENTS (KOHA)
Koha item type Books
Holdings
Withdrawn status Lost status Damaged status Home library Current library Date acquired Full call number Accession Number Koha item type
      KAUAET KAUAET 07/04/2012 420 5117 Books
Withdrawn     KAUAET Sanskrit University 07/04/2012 420 4209 Books
Withdrawn     KAUAET Sanskrit University 07/04/2012 420 505 Books
free website counter